000 00286nam a2200109 4500
008 160623b xxu||||| |||| 00| 0 eng d
100 _9785
_a Puri, G.K
245 _aConstitution of India
260 _aN.D
_b Comptition Review Pvt.Ltd.
300 _aConstitution of India
942 _2ddc
_cBK
999 _c628
_d628